000 00423nam a2200157Ia 4500
008 100122s9999 xx 000 0 und d
082 _b36577
_a823
100 _aमाडखोलकर ग त्र्यं
245 _aअनघा
250 _a3
260 _bमॅजेस्टिक बुक स्टॉल
_c1905
300 _a198
630 _aअनघा
730 _aअनघा
942 _cBOOK
999 _c419230
_d419227